Požiare a prietrž mračien

Bibliographic Details
Format: Article
Language:Slovak
Subjects:

MARC

LEADER 00000nab a2200000 ar4500
001 vtls009003061
003 SK-MaSNL
005 20260303065531.0
008 070627c2007 xo wr|p|||||||000 b|slo
038 |a PPPK 
040 |a PPPKCL  |b slo  |c PPPK  |e AACR2 
041 0 |a slo 
044 |a xo  |c SK 
080 |a 614.841  |2 1997 
080 |a 551.515.3  |2 1997 
245 0 0 |a Požiare a prietrž mračien  |c [autor] (rhz) 
610 2 7 |a Slovensko.  |b Hasičský a záchranný zbor Poprad  |2 pppkcl  |9 113901 
648 7 |a 2007  |2 pppkcl  |9 313226 
650 0 7 |a požiare  |2 pppkcl  |9 1504 
650 0 7 |a prietrže mračien  |2 pppkcl  |9 881331 
650 0 7 |a technické zásahy  |2 pppkcl  |9 1065716 
651 7 |a Poprad (Slovensko)  |2 pppkcl  |9 20155 
773 0 |t Poprad : noviny občanov mesta  |g Roč. XVIII, č. 40 (2007), s. 2 
852 |a PPPK  |b KIS3GCP 
999 |c 1751593  |d 1753523